Critères d'hygiène de l'environment; N.14 Rayonnement ultraviolet

Uloženo v:
Podrobná bibliografie
Hlavní autor: OMS
Médium: Kniha
Jazyk:Undetermined
Vydáno: Genève OMS 1980
Témata:
Tagy: Přidat tag
Žádné tagy, Buďte první, kdo otaguje tento záznam!
Thư viện lưu trữ: Trung tâm Học liệu Trường Đại học Cần Thơ
LEADER 00567nam a2200193Ia 4500
001 CTU_6465
008 210402s9999 xx 000 0 und d
082 |a 363.7384 
082 |b O.68f/E.14 
100 |a OMS 
245 0 |a Critères d'hygiène de l'environment; N.14 
245 0 |b Rayonnement ultraviolet 
245 0 |c OMS 
260 |a Genève 
260 |b OMS 
260 |c 1980 
650 |a environmental exposure,environmental sciences,guidelines 
904 |i Nguyễn Quang Điền, 960821 
980 |a Trung tâm Học liệu Trường Đại học Cần Thơ